| 000 | 01060nam a2200181 4500 | ||
|---|---|---|---|
| 005 | 20260327123625.0 | ||
| 008 | 260327b |||||||| |||| 00| 0 eng d | ||
| 020 |
_a978-0521587051 _qpbk |
||
| 082 |
_a302.224 _bBRO |
||
| 100 | _aBrown, Gillian | ||
| 245 |
_aSpeakers, Listeners and Communication: Explorations in Discourse Analysis _c/ Gillian Brown |
||
| 260 |
_aINDIA _bCambridge Univ Pr _c2007 |
||
| 300 | _a268p. | ||
| 500 | _aGillian Brown draws on a wide range of examples of discourse analysis to explore the ways in which speakers and listeners use language collaboratively to talk about what they can see in front of them and about a series of events. The focus of her attention is on the listener's role, as the listener tries to make sense of what the speaker says in a highly constrained context; and her cognitive/pragmatic approach to discourse analysis both complements and challenges current sociological/anthropological perspectives on the subject. | ||
| 504 | _aindex | ||
| 650 | _aSpeakers, Listeners and Communication | ||
| 942 | _cREF | ||
| 999 |
_c618099 _d618099 |
||